00489nam a2200193 a 4500001001300000003000900013005001700022008003800039020001000077082001700087100002800104245004500132260001300177300000900190500003500199505001500234650001800249700002800267nice12345678IN_TiNIC20260116013021.0050524s1932 a grp 000 0 tel  ac10000a297.09bGHA1 aGhafoor, Mohammad Abdul aIslam Mataprabuwulub Khulfa-E-Rashedeen abc1932 a256p aincludes index and biblioraphy2 aChronology aIslam-History1 aGhafoor, Mohammad Abdul